000 00708nam a2200229Ia 4500
003 GCL
008 140319s9999 xx 000 0 ara d
040 _aGCL /
_cGCL
082 0 4 _a813.083
_bا ا
100 1 _aالياس شقور
245 1 0 _a"اخوة الدم ""سيرة ذاتية""" /
_cالياس شقور
700 1 _aعصام عراف (تعريب)
700 1 _aمظهر الملوحى
260 _a[S.N] :
_bالمكتبة الثقافية ،
_c1984
300 _a197
490 _a
650 0 4 _aالقصص العربية
650 0 4 _aقصص البطولات
650 0 4 _aالقصص الاجتماعية
650 0 4 _aالقصص العربية المترجمة
942 _2ddc
_cBK
999 _c54513
_d54513